| 000 | 00687nam a2200241Ia 4500 | ||
|---|---|---|---|
| 003 | OSt | ||
| 005 | 20220912151200.0 | ||
| 006 | a|||||r|||| 00| 0 | ||
| 007 | ta | ||
| 008 | 220909b |||||||| |||| 00| 0 eng d | ||
| 024 | _a25454 | ||
| 037 | _cTextual | ||
| 040 |
_aCSL _beng _cCSL |
||
| 041 | _aeng | ||
| 082 | _aB281N07, M2 | ||
| 100 | _aChung Kai Lai | ||
| 245 | 0 | _aLectures from markov processes to brownian motion | |
| 260 |
_aNew York _b Springer-Verlag _c1982 |
||
| 300 |
_aviii, 239p. _ccm. illus. |
||
| 490 | _aGrundlehren der mathematischen wissenschafter; 249 | ||
| 942 |
_hB281N07, M2 _cTEXL _2CC |
||
| 999 |
_c62917 _d62917 |
||